Fabrication, Characterization and Properties of Go, rGo, PANI and GO/PANI Nanocomposites (Record no. 526038)

000 -LEADER
fixed length control field 00597nam a22001937a 4500
003 - CONTROL NUMBER IDENTIFIER
control field NUST
005 - DATE AND TIME OF LATEST TRANSACTION
control field 20230126101323.0
008 - FIXED-LENGTH DATA ELEMENTS--GENERAL INFORMATION
fixed length control field 190708b ||||| |||| 00| 0 eng d
038 ## - RECORD CONTENT LICENSOR
Staff Name Mr. Zahoor
082 ## - DEWEY DECIMAL CLASSIFICATION NUMBER
Classification number 530
100 ## - MAIN ENTRY--PERSONAL NAME
Personal name Younas,Daniyal
9 (RLIN) 16997
245 ## - TITLE STATEMENT
Title Fabrication, Characterization and Properties of Go, rGo, PANI and GO/PANI Nanocomposites
Statement of responsibility, etc. Daniyal Younas
260 ## - PUBLICATION, DISTRIBUTION, ETC.
Place of publication, distribution, etc. Islamabd:
Name of publisher, distributor, etc. SNS - NUST,
Date of publication, distribution, etc. 2016.
300 ## - PHYSICAL DESCRIPTION
Extent xviii, 57 p.: ill . ;
Other physical details 30cm.
500 ## - GENERAL NOTE
General note Hard Cover
650 ## - SUBJECT ADDED ENTRY--TOPICAL TERM
Topical term or geographic name entry element Phisics - M. Phil Thesis
9 (RLIN) 16998
700 ## - ADDED ENTRY--PERSONAL NAME
Personal name Dr. Qurat ul Ain
9 (RLIN) 16999
942 ## - ADDED ENTRY ELEMENTS (KOHA)
Source of classification or shelving scheme
Koha item type Thesis
Holdings
Withdrawn status Lost status Source of classification or shelving scheme Damaged status Not for loan Permanent Location Current Location Shelving location Date acquired Total Checkouts Full call number Barcode Date last seen Price effective from Koha item type
          Central Library (CL) Central Library (CL) Thesis 07/08/2019   530 CL-T-2158 07/10/2019 07/08/2019 Thesis
© 2023 Central Library, National University of Sciences and Technology. All Rights Reserved.